[Event "Mitropa Cup 32nd"]
[Site "Meissen"]
[Date "2013.06.06"]
[Round "6.2"]
[White "Varga, Zoltan"]
[Black "Handler, Lukas"]
[Result "1-0"]
[WhiteElo "2447"]
[BlackElo "2398"]
[PlyCount "80"]
[EventDate "2013.06.01"]
[EventType "team-tourn"]
[EventRounds "9"]
[EventCountry "GER"]
[Source "ChessBase"]
[SourceDate "2013.06.25"]
[WhiteTeam "Hungary"]
[BlackTeam "Austria"]
[WhiteTeamCountry "HUN"]
[BlackTeamCountry "AUT"]

1. e4 e5 2. Nf3 Nc6 3. Bb5 a6 4. Ba4 Nf6 5. d3 d6 6. c4 g6 7. Nc3 Bg7 8. h3 O-O
9. Bg5 Nd4 10. Nxd4 exd4 11. Ne2 c5 12. Qd2 Rb8 13. b4 b5 14. cxb5 axb5 15. Bb3
Qb6 16. O-O c4 17. Bc2 c3 18. Qc1 Bb7 19. Kh1 Rbe8 20. Re1 d5 21. f3 Nd7 22.
Bh4 dxe4 23. dxe4 Qd6 24. Rd1 f5 25. Nxd4 Bxd4 26. Bf2 fxe4 27. Rxd4 Qc7 28.
Bb3+ Kg7 29. Bg3 Ne5 30. fxe4 Qc8 31. Kh2 h5 32. Qe3 Nc6 33. Rd6 Kh7 34. Rad1
Nb8 35. Bc2 Qc4 36. e5 Rg8 37. Bd3 Qxa2 38. Rg1 Re6 39. Bxb5 Nc6 40. Qxc3 Ne7
1-0

[Event "Mitropa Cup 32nd"]
[Site "Meissen"]
[Date "2013.06.06"]
[Round "6.1"]
[White "Doric, Darko"]
[Black "Studer, Noel"]
[Result "0-1"]
[WhiteElo "2509"]
[BlackElo "2343"]
[PlyCount "96"]
[EventDate "2013.06.01"]
[EventType "team-tourn"]
[EventRounds "9"]
[EventCountry "GER"]
[Source "ChessBase"]
[SourceDate "2013.06.25"]
[WhiteTeam "Croatia"]
[BlackTeam "Switzerland"]
[WhiteTeamCountry "CRO"]
[BlackTeamCountry "SUI"]

1. c4 Nf6 2. Nf3 e6 3. Nc3 d5 4. d4 Bb4 5. Qa4+ Nc6 6. e3 O-O 7. Bd2 a6 8. a3
Bxc3 9. Bxc3 Ne4 10. Qc2 Nxc3 11. Qxc3 Qf6 12. Be2 Rd8 13. O-O Bd7 14. Rac1
Rac8 15. Rfd1 Be8 16. cxd5 exd5 17. Qb3 Rb8 18. Rc5 Qd6 19. Rdc1 Ne7 20. Qc2 c6
21. b4 f6 22. Bd3 Bg6 23. Bxg6 hxg6 24. Qb3 Kf8 25. a4 Qd7 26. h3 Rbc8 27. g4
g5 28. Rb1 Rb8 29. b5 cxb5 30. axb5 b6 31. Rc2 a5 32. Re1 Rbc8 33. e4 dxe4 34.
Rxc8 Rxc8 35. Rxe4 Nd5 36. h4 Rc3 37. Qd1 Qc7 38. Re1 Qd7 39. Re4 Qc7 40. Re1
Qf4 41. Nh2 Rh3 42. Nf1 Nc3 43. Qc2 Qxg4+ 44. Ng3 gxh4 45. Qxc3 hxg3 46. Qa3+
Kg8 47. Re8+ Kh7 48. Qd3+ f5 0-1

[Event "Mitropa Cup 32nd"]
[Site "Meissen"]
[Date "2013.06.06"]
[Round "6.1"]
[White "Gallagher, Joseph G"]
[Black "Jankovic, Alojzije"]
[Result "0-1"]
[WhiteElo "2518"]
[BlackElo "2559"]
[PlyCount "140"]
[EventDate "2013.06.01"]
[EventType "team-tourn"]
[EventRounds "9"]
[EventCountry "GER"]
[Source "ChessBase"]
[SourceDate "2013.06.25"]
[WhiteTeam "Switzerland"]
[BlackTeam "Croatia"]
[WhiteTeamCountry "SUI"]
[BlackTeamCountry "CRO"]

1. e4 c5 2. Nf3 Nc6 3. d4 cxd4 4. Nxd4 e5 5. Nb5 d6 6. c4 Be7 7. N1c3 a6 8. Na3
Be6 9. Bd3 Nf6 10. O-O Rc8 11. Be3 O-O 12. h3 Nd7 13. Qd2 h6 14. Rfd1 Bg5 15.
Bxg5 Qxg5 16. Qxg5 hxg5 17. Bf1 Nd4 18. Ne2 Nxe2+ 19. Bxe2 Rc6 20. Rd2 Nf6 21.
f3 Rfc8 22. Rad1 Ne8 23. b3 Kf8 24. Kf2 Ke7 25. Nc2 g6 26. g4 R6c7 27. Ne3 a5
28. Kg3 Rc6 29. h4 gxh4+ 30. Kxh4 Nc7 31. Kg3 Rh8 32. Nd5+ Bxd5 33. exd5 Rc5
34. f4 exf4+ 35. Kxf4 Na6 36. g5 Rc7 37. Bg4 Kd8 38. Re2 Re7 39. Rxe7 Kxe7 40.
Re1+ Kd8 41. a3 Rh2 42. Be2 Rg2 43. b4 axb4 44. axb4 Nxb4 45. Kf3 Rh2 46. Rb1
Nc2 47. Bd3 Rh3+ 48. Ke2 Nd4+ 49. Kd2 Nf3+ 50. Kc2 Ne5 51. Be2 Rh2 52. Kd2
Nxc4+ 53. Kd3 Ne5+ 54. Ke3 Kc7 55. Rc1+ Kb8 56. Rb1 Rh3+ 57. Kd4 Nf3+ 58. Ke3
Ng1+ 59. Kd2 Nxe2 60. Kxe2 Rg3 61. Rf1 Rxg5 62. Rxf7 Rxd5 63. Rg7 g5 64. Ke3
Ka7 65. Ke4 Re5+ 66. Kd4 Kb6 67. Rg8 Ra5 68. Rd8 Kc7 69. Rg8 g4 70. Kc4 Ra1 0-1

[Event "Mitropa Cup 32nd"]
[Site "Meissen"]
[Date "2013.06.06"]
[Round "6.1"]
[White "Saric, Ante"]
[Black "Ekstroem, Roland"]
[Result "1-0"]
[WhiteElo "2551"]
[BlackElo "2420"]
[PlyCount "81"]
[EventDate "2013.06.01"]
[EventType "team-tourn"]
[EventRounds "9"]
[EventCountry "GER"]
[Source "ChessBase"]
[SourceDate "2013.06.25"]
[WhiteTeam "Croatia"]
[BlackTeam "Switzerland"]
[WhiteTeamCountry "CRO"]
[BlackTeamCountry "SUI"]

1. Nf3 d5 2. d4 Nf6 3. c4 dxc4 4. e3 e6 5. Bxc4 c5 6. O-O Nc6 7. Nc3 a6 8. dxc5
Bxc5 9. Qxd8+ Kxd8 10. Ng5 Rf8 11. Bd2 Bd7 12. Rac1 Ke7 13. Be2 Ba7 14. Rfd1
Rfd8 15. Kf1 Be8 16. a3 h6 17. Nge4 Nxe4 18. Nxe4 Rd5 19. Bc3 f5 20. Rxd5 exd5
21. Nd2 d4 22. exd4 Bxd4 23. Bxd4 Nxd4 24. Rc7+ Kd8 25. Rxb7 Rc8 26. f4 Rc2 27.
Ke1 Nxe2 28. Kxe2 Bb5+ 29. Ke3 g5 30. g3 Rxb2 31. a4 Kc8 32. Rb6 Kc7 33. axb5
gxf4+ 34. gxf4 Kxb6 35. Nc4+ Kxb5 36. Nxb2 a5 37. Kd3 Kb4 38. Kd4 h5 39. h4 Kb5
40. Nd3 a4 41. Kc3 1-0

[Event "Mitropa Cup 32nd"]
[Site "Meissen"]
[Date "2013.06.06"]
[Round "6.1"]
[White "Zueger, Beat"]
[Black "Martinovic, Sasa"]
[Result "0-1"]
[WhiteElo "2397"]
[BlackElo "2527"]
[PlyCount "62"]
[EventDate "2013.06.01"]
[EventType "team-tourn"]
[EventRounds "9"]
[EventCountry "GER"]
[Source "ChessBase"]
[SourceDate "2013.06.25"]
[WhiteTeam "Switzerland"]
[BlackTeam "Croatia"]
[WhiteTeamCountry "SUI"]
[BlackTeamCountry "CRO"]

1. c4 g6 2. g3 Bg7 3. Bg2 e5 4. Nc3 d6 5. e3 Nf6 6. Nge2 O-O 7. d4 c6 8. b3 Re8
9. h3 h5 10. dxe5 dxe5 11. Qxd8 Rxd8 12. Ba3 Bf8 13. Bxf8 Kxf8 14. O-O Na6 15.
f4 exf4 16. Rxf4 Nd7 17. Rd1 Nac5 18. Rfd4 a5 19. Ne4 Nxe4 20. Rxe4 Re8 21.
Rxe8+ Kxe8 22. Nd4 Ke7 23. a3 Ra6 24. b4 axb4 25. axb4 Ra3 26. Kf2 Ra2+ 27. Kg1
Ne5 28. Bf1 Rb2 29. b5 c5 30. Ne2 Be6 31. Rc1 Bxc4 0-1

[Event "Mitropa Cup 32nd"]
[Site "Meissen"]
[Date "2013.06.06"]
[Round "6.5"]
[White "Krejci, Jan2"]
[Black "Repka, Christopher"]
[Result "1-0"]
[WhiteElo "2503"]
[BlackElo "2358"]
[PlyCount "91"]
[EventDate "2013.06.01"]
[EventType "team-tourn"]
[EventRounds "9"]
[EventCountry "GER"]
[Source "ChessBase"]
[SourceDate "2013.06.25"]
[WhiteTeam "Czechia"]
[BlackTeam "Slovakia"]
[WhiteTeamCountry "CZE"]
[BlackTeamCountry "SVK"]

1. Nf3 Nf6 2. d4 e6 3. c4 b6 4. g3 Bb7 5. Bg2 Be7 6. O-O O-O 7. Nc3 Ne4 8. Bd2
f5 9. Rc1 Bf6 10. Be1 Nc6 11. d5 Ne7 12. Nd4 Nxc3 13. Bxc3 exd5 14. Nb3 c5 15.
cxd5 d6 16. Qd3 Qe8 17. Rfe1 Qf7 18. Bxf6 Qxf6 19. Rc2 Rac8 20. Nd2 Rce8 21. e3
Qf7 22. Nc4 Ba6 23. b3 Qf6 24. a4 Bb7 25. Rce2 Ng6 26. f4 Re7 27. Qd2 Rfe8 28.
b4 Re4 29. Bxe4 Rxe4 30. Qd3 Ne7 31. bxc5 bxc5 32. Nd2 Rxa4 33. Qb5 Rb4 34.
Qe8+ Qf8 35. Qxf8+ Kxf8 36. e4 fxe4 37. Nxe4 Ba6 38. Ra2 Rb6 39. Nc3 Nc8 40.
Na4 Rb4 41. Nxc5 Bc4 42. Ne6+ Kf7 43. Ra5 a6 44. Ng5+ Kg6 45. g4 Ne7 46. Re6#
1-0

[Event "Mitropa Cup 32nd"]
[Site "Meissen"]
[Date "2013.06.06"]
[Round "6.5"]
[White "Michalik, Peter"]
[Black "Kislinsky, Alexey"]
[Result "1-0"]
[WhiteElo "2565"]
[BlackElo "2565"]
[PlyCount "99"]
[EventDate "2013.06.01"]
[EventType "team-tourn"]
[EventRounds "9"]
[EventCountry "GER"]
[Source "ChessBase"]
[SourceDate "2013.06.25"]
[WhiteTeam "Slovakia"]
[BlackTeam "Czechia"]
[WhiteTeamCountry "SVK"]
[BlackTeamCountry "CZE"]

1. d4 g6 2. c4 Bg7 3. Nc3 c5 4. d5 d6 5. Nf3 e6 6. g3 Ne7 7. Bg2 exd5 8. cxd5
O-O 9. O-O h6 10. e4 Bg4 11. Qb3 Na6 12. Nd2 Rb8 13. h3 Bd7 14. a4 g5 15. Nc4
Ng6 16. Nb5 Nc7 17. Ncxd6 Nxb5 18. axb5 Bxh3 19. Nf5 Bxf5 20. exf5 Ne5 21. Rxa7
c4 22. Qc2 Qb6 23. Ra3 Rfe8 24. Bd2 Qxb5 25. Re3 Qd7 26. Bc3 b5 27. b3 cxb3 28.
Qxb3 b4 29. Bb2 Qxf5 30. d6 Re6 31. Rfe1 Rbe8 32. Qd5 Nf3+ 33. Bxf3 Qxd5 34.
Bxd5 Rxe3 35. Rxe3 Rd8 36. Bxg7 Kxg7 37. Re7 Rxd6 38. Bxf7 Rb6 39. Bb3+ Kf6 40.
Re4 h5 41. Kg2 g4 42. Kf1 Rb5 43. Ke2 Kg5 44. Bc4 Ra5 45. Bd3 h4 46. Rxb4 Ra2+
47. Ke3 h3 48. Rb5+ Kh6 49. Be4 Ra3+ 50. Kf4 1-0

[Event "Mitropa Cup 32nd"]
[Site "Meissen"]
[Date "2013.06.06"]
[Round "6.5"]
[White "Petenyi, Tamas"]
[Black "Rasik, Vitezslav"]
[Result "1/2-1/2"]
[WhiteElo "2466"]
[BlackElo "2483"]
[PlyCount "174"]
[EventDate "2013.06.01"]
[EventType "team-tourn"]
[EventRounds "9"]
[EventCountry "GER"]
[Source "ChessBase"]
[SourceDate "2013.06.25"]
[WhiteTeam "Slovakia"]
[BlackTeam "Czechia"]
[WhiteTeamCountry "SVK"]
[BlackTeamCountry "CZE"]

1. e4 d6 2. d4 Nf6 3. Nc3 g6 4. f4 Bg7 5. Nf3 c5 6. Bb5+ Bd7 7. Bxd7+ Nfxd7 8.
Be3 O-O 9. dxc5 Bxc3+ 10. bxc3 Nxc5 11. Bxc5 dxc5 12. Qe2 Qa5 13. Qe3 Nd7 14.
O-O c4 15. Kh1 Qc5 16. Qe1 Rad8 17. e5 f6 18. Nd4 Qd5 19. exf6 Rxf6 20. Qxe7
Rdf8 21. Rae1 Qf7 22. g3 Qxe7 23. Rxe7 R8f7 24. Re8+ Rf8 25. Rfe1 Ra6 26. R1e7
Rxe8 27. Rxe8+ Kf7 28. Rc8 b6 29. Rc7 Ke8 30. Rc8+ Kf7 31. Rxc4 Nc5 32. Nb3
Rxa2 33. Nxc5 bxc5 34. Rxc5 h5 35. Kg2 a5 36. Kh3 Rxc2 37. Rxa5 Rxc3 38. Kh4
Kf6 39. Ra6+ Kg7 40. Re6 Kf7 41. Rb6 Rc5 42. h3 Kg7 43. Re6 Rc3 44. Re5 Kf6 45.
Ra5 Rb3 46. Ra6+ Kg7 47. g4 hxg4 48. hxg4 Rb7 49. Rc6 Ra7 50. Rd6 Rb7 51. Rd3
Ra7 52. Kg3 Rb7 53. Kf3 Re7 54. Rd5 Kf6 55. Ra5 Kf7 56. Ra6 Kg7 57. g5 Kf7 58.
Ra4 Kg7 59. Re4 Ra7 60. Ke3 Ra3+ 61. Kd4 Ra4+ 62. Kd5 Ra5+ 63. Kd4 Ra4+ 64. Kd5
Ra5+ 65. Kd6 Rf5 66. Ke6 Kg8 67. Kd7 Kf7 68. Kd6 Kg7 69. Ra4 Kg8 70. Rb4 Kg7
71. Ke7 Rf7+ 72. Ke8 Rf8+ 73. Kd7 Rf7+ 74. Ke6 Rf5 75. Rd4 Kg8 76. Re4 Kg7 77.
Kd7 Kf7 78. Re7+ Kf8 79. Re8+ Kf7 80. Re4 Rd5+ 81. Kc6 Rf5 82. Kd6 Kg7 83. Re7+
Kf8 84. Re6 Rxf4 85. Rxg6 Kf7 86. Rf6+ Rxf6+ 87. gxf6 Kxf6 1/2-1/2

[Event "Mitropa Cup 32nd"]
[Site "Meissen"]
[Date "2013.06.06"]
[Round "6.5"]
[White "Zilka, Stepan"]
[Black "Pacher, Milan"]
[Result "1-0"]
[WhiteElo "2532"]
[BlackElo "2464"]
[PlyCount "75"]
[EventDate "2013.06.01"]
[EventType "team-tourn"]
[EventRounds "9"]
[EventCountry "GER"]
[Source "ChessBase"]
[SourceDate "2013.06.25"]
[WhiteTeam "Czechia"]
[BlackTeam "Slovakia"]
[WhiteTeamCountry "CZE"]
[BlackTeamCountry "SVK"]

1. d4 Nf6 2. c4 g6 3. Nc3 Bg7 4. e4 d6 5. Nf3 O-O 6. Be2 e5 7. O-O exd4 8. Nxd4
Re8 9. f3 c6 10. Kh1 Nh5 11. g4 Nf6 12. Bg5 Qb6 13. Nb3 a5 14. Qxd6 Qb4 15.
Qxb4 axb4 16. Nd1 b6 17. Rf2 Be6 18. Ne3 Nfd7 19. Bf1 Nc5 20. Nxc5 bxc5 21. Rd2
Bd4 22. Ng2 Nd7 23. Nf4 Nb6 24. Nxe6 fxe6 25. a3 Ra4 26. f4 Rea8 27. f5 e5 28.
Rb1 Kg7 29. Rd3 h6 30. f6+ Kh7 31. Rh3 h5 32. gxh5 gxh5 33. Be2 Rxa3 34. bxa3
bxa3 35. Bxh5 Kg8 36. f7+ Kg7 37. Rxa3 Rxa3 38. Bh6+ 1-0

[Event "Mitropa Cup 32nd"]
[Site "Meissen"]
[Date "2013.06.06"]
[Round "6.3"]
[White "Bailet, Pierre"]
[Black "Stajner, Samo"]
[Result "1-0"]
[WhiteElo "2461"]
[BlackElo "2321"]
[PlyCount "85"]
[EventDate "2013.06.01"]
[EventType "team-tourn"]
[EventRounds "9"]
[EventCountry "GER"]
[Source "ChessBase"]
[SourceDate "2013.06.25"]
[WhiteTeam "France"]
[BlackTeam "Slovenia"]
[WhiteTeamCountry "FRA"]
[BlackTeamCountry "SLO"]

1. d4 Nf6 2. c4 g6 3. Nc3 d5 4. Nf3 Bg7 5. cxd5 Nxd5 6. e4 Nxc3 7. bxc3 c5 8.
Rb1 O-O 9. Be2 Nc6 10. d5 Na5 11. c4 b6 12. Bb2 f6 13. h4 Bg4 14. Nd2 Bxe2 15.
Qxe2 Qd7 16. h5 e5 17. Rc1 Bh6 18. Bc3 Nb7 19. hxg6 Bxd2+ 20. Kxd2 hxg6 21. f4
Rae8 22. Rh6 Qg7 23. Rch1 Nd6 24. fxe5 fxe5 25. Qg4 Rf6 26. Qh4 g5 27. Rh8+ Kf7
28. Qh5+ Qg6 29. Qxg6+ Rxg6 30. R1h7+ Kf6 31. Rxe8 Nxe8 32. Rxa7 Nd6 33. Kd3
Rh6 34. Ra6 Rh4 35. Rxb6 Ke7 36. Bxe5 Nxe4 37. Rb7+ Ke8 38. Ke3 Rg4 39. a4 Ng3
40. Kf3 Rxc4 41. Bxg3 g4+ 42. Ke3 Rxa4 43. d6 1-0

[Event "Mitropa Cup 32nd"]
[Site "Meissen"]
[Date "2013.06.06"]
[Round "6.3"]
[White "Borisek, Jure"]
[Black "Guidarelli, Laurent"]
[Result "1-0"]
[WhiteElo "2552"]
[BlackElo "2472"]
[PlyCount "73"]
[EventDate "2013.06.01"]
[EventType "team-tourn"]
[EventRounds "9"]
[EventCountry "GER"]
[Source "ChessBase"]
[SourceDate "2013.06.25"]
[WhiteTeam "Slovenia"]
[BlackTeam "France"]
[WhiteTeamCountry "SLO"]
[BlackTeamCountry "FRA"]

1. e4 d6 2. d4 Nf6 3. Nc3 g6 4. f4 Bg7 5. Nf3 c5 6. Bb5+ Bd7 7. e5 Ng4 8. e6
Bxb5 9. exf7+ Kf8 10. Nxb5 Qa5+ 11. Nc3 cxd4 12. Nxd4 Nc6 13. Ne6+ Kxf7 14.
Ng5+ Ke8 15. Bd2 Nf6 16. Qe2 Qf5 17. Qc4 Nd8 18. O-O-O h6 19. Nf3 Rc8 20. Qb3
Nd7 21. Rhe1 Nb6 22. Nb5 Rxc2+ 23. Qxc2 Qxb5 24. Bc3 Bxc3 25. Qxc3 Rf8 26. Rxd6
Nc6 27. Nd4 Nxd4 28. Qxd4 Kf7 29. Rde6 Rc8+ 30. Kb1 Nd5 31. R6e5 e6 32. f5 gxf5
33. Rxe6 Rc5 34. a4 Qa5 35. Qh8 Qxa4 36. Qh7+ Kf8 37. Re8+ 1-0

[Event "Mitropa Cup 32nd"]
[Site "Meissen"]
[Date "2013.06.06"]
[Round "6.3"]
[White "Housieaux, David"]
[Black "Skoberne, Jure"]
[Result "0-1"]
[WhiteElo "2466"]
[BlackElo "2558"]
[PlyCount "84"]
[EventDate "2013.06.01"]
[EventType "team-tourn"]
[EventRounds "9"]
[EventCountry "GER"]
[Source "ChessBase"]
[SourceDate "2013.06.25"]
[WhiteTeam "France"]
[BlackTeam "Slovenia"]
[WhiteTeamCountry "FRA"]
[BlackTeamCountry "SLO"]

1. d4 Nf6 2. c4 g6 3. Nc3 Bg7 4. e4 d6 5. Bg5 O-O 6. Qd2 c5 7. d5 b5 8. cxb5 a6
9. a4 Qa5 10. Ra3 Qb4 11. f3 axb5 12. Bxb5 Ba6 13. Na2 Qxd2+ 14. Kxd2 Nbd7 15.
Bxf6 Nxf6 16. Nc3 Rfb8 17. Nge2 Ne8 18. Rb1 Rb6 19. Bxa6 Raxa6 20. Nb5 Nf6 21.
Nec3 Ra5 22. b3 Nd7 23. Raa1 g5 24. Rf1 Kf8 25. Kc2 Ne5 26. Rab1 h5 27. h3 h4
28. f4 gxf4 29. Rxf4 Bf6 30. Rf5 Ra8 31. Ra1 c4 32. bxc4 Nxc4 33. Raf1 Ne3+ 34.
Kd3 Nxf1 35. Rxf1 Rc8 36. Rf3 Be5 37. Kc2 Ke8 38. Kb3 Rc5 39. Kb4 Kd7 40. Nd1
Rc1 41. Ne3 Rb1+ 42. Ka3 Ra6 0-1

[Event "Mitropa Cup 32nd"]
[Site "Meissen"]
[Date "2013.06.06"]
[Round "6.3"]
[White "Markoja, Boris"]
[Black "Cotonnec, Melkior"]
[Result "1/2-1/2"]
[WhiteElo "2148"]
[BlackElo "2432"]
[PlyCount "73"]
[EventDate "2013.06.01"]
[EventType "team-tourn"]
[EventRounds "9"]
[EventCountry "GER"]
[Source "ChessBase"]
[SourceDate "2013.06.25"]
[WhiteTeam "Slovenia"]
[BlackTeam "France"]
[WhiteTeamCountry "SLO"]
[BlackTeamCountry "FRA"]

1. e4 Nc6 2. Nf3 Nf6 3. Nc3 e5 4. Bb5 Bb4 5. O-O O-O 6. d3 d6 7. Bg5 Bxc3 8.
bxc3 Qe7 9. Re1 Nd8 10. d4 Ne6 11. Bc1 c5 12. Bf1 Rd8 13. g3 b6 14. Bg2 Bb7 15.
d5 Nf8 16. Nh4 Bc8 17. f4 Ng6 18. Nxg6 hxg6 19. fxe5 dxe5 20. Bg5 Rd6 21. Rf1
Qd7 22. Bxf6 gxf6 23. Qd2 Qa4 24. Rf2 Kg7 25. Qe3 Ba6 26. g4 Re8 27. h3 Qa3 28.
Bf1 Qb2 29. Qc1 Qxc1 30. Rxc1 Bc8 31. c4 Bd7 32. Bd3 Rb8 33. Rcf1 Be8 34. Rb1
Rb7 35. c3 Bd7 36. Kg2 Be8 37. Kg3 1/2-1/2

[Event "Mitropa Cup 32nd"]
[Site "Meissen"]
[Date "2013.06.07"]
[Round "7.4"]
[White "Diermair, Andreas"]
[Black "Borisek, Jure"]
[Result "0-1"]
[WhiteElo "2428"]
[BlackElo "2552"]
[PlyCount "98"]
[EventDate "2013.06.01"]
[EventType "team-tourn"]
[EventRounds "9"]
[EventCountry "GER"]
[Source "ChessBase"]
[SourceDate "2013.06.25"]
[WhiteTeam "Austria"]
[BlackTeam "Slovenia"]
[WhiteTeamCountry "AUT"]
[BlackTeamCountry "SLO"]

1. d4 f5 2. Nf3 Nf6 3. g3 g6 4. Bg2 Bg7 5. O-O O-O 6. b3 d6 7. Bb2 c6 8. c4 a5
9. Qc2 Na6 10. a3 h6 11. Nbd2 g5 12. e4 fxe4 13. Nxe4 Nxe4 14. Qxe4 Bf5 15. Qe3
Qd7 16. Bc3 Nc7 17. Nd2 a4 18. d5 e5 19. b4 cxd5 20. cxd5 Qf7 21. Bb2 Nxd5 22.
Qe2 Rad8 23. Rad1 Nf6 24. Nc4 Qc7 25. Rc1 Qe7 26. Nb6 Qf7 27. Nxa4 e4 28. Nc3
d5 29. Nb5 Bd7 30. Nd6 Qe7 31. Nxb7 Rb8 32. Nc5 Bb5 33. Qd2 Bxf1 34. Bxf6 Rxf6
35. Qxd5+ Kh8 36. Rxf1 e3 37. Ne4 exf2+ 38. Kh1 Rff8 39. Qc5 Qxc5 40. Nxc5 Rbe8
41. Ne4 Bd4 42. a4 Rc8 43. a5 Rc2 44. b5 Ra2 45. a6 Re2 46. Nd6 Re1 47. Nc4 Rc8
48. b6 Rxc4 49. a7 Ra4 0-1

[Event "Mitropa Cup 32nd"]
[Site "Meissen"]
[Date "2013.06.07"]
[Round "7.4"]
[White "Handler, Lukas"]
[Black "Markoja, Boris"]
[Result "1-0"]
[WhiteElo "2398"]
[BlackElo "2148"]
[PlyCount "121"]
[EventDate "2013.06.01"]
[EventType "team-tourn"]
[EventRounds "9"]
[EventCountry "GER"]
[Source "ChessBase"]
[SourceDate "2013.06.25"]
[WhiteTeam "Austria"]
[BlackTeam "Slovenia"]
[WhiteTeamCountry "AUT"]
[BlackTeamCountry "SLO"]

1. d4 g6 2. c4 Bg7 3. Nc3 d6 4. e4 e5 5. Nf3 exd4 6. Nxd4 Nc6 7. Be3 Nge7 8.
Be2 O-O 9. O-O f5 10. Nxc6 Nxc6 11. exf5 Bxf5 12. Qd2 Qe7 13. Nd5 Qf7 14. Rae1
Kh8 15. b3 Rad8 16. f4 Be4 17. Nc3 d5 18. cxd5 Bxd5 19. Nxd5 Qxd5 20. Qxd5 Rxd5
21. Bf3 Rd3 22. Bxc6 Rxe3 23. Rxe3 Bd4 24. Rfe1 bxc6 25. g3 g5 26. Kg2 Bxe3 27.
Rxe3 gxf4 28. Rf3 Rd8 29. Rxf4 Rd2+ 30. Rf2 Rd1 31. Rc2 Kg7 32. h4 Ra1 33. Kf3
Kf7 34. Kg4 c5 35. a4 Rb1 36. Rxc5 Rxb3 37. Rxc7+ Kg6 38. Rxa7 Rb4+ 39. Kh3 h5
40. a5 Ra4 41. Ra6+ Kg7 42. Kg2 Ra3 43. Ra8 Ra2+ 44. Kf3 Ra3+ 45. Kf4 Ra4+ 46.
Kg5 Rg4+ 47. Kxh5 Rxg3 48. Ra7+ Kg8 49. Rb7 Ra3 50. Kg6 Rg3+ 51. Kh6 Ra3 52.
Rb5 Ra1 53. h5 Ra2 54. Kg6 Rg2+ 55. Kf6 Rf2+ 56. Ke6 Kg7 57. Rb7+ Kh6 58. a6
Ra2 59. a7 Kxh5 60. Kd6 Kg6 61. Kc7 1-0

[Event "Mitropa Cup 32nd"]
[Site "Meissen"]
[Date "2013.06.07"]
[Round "7.4"]
[White "Stajner, Samo"]
[Black "Schachinger, Mario"]
[Result "1/2-1/2"]
[WhiteElo "2321"]
[BlackElo "2412"]
[PlyCount "128"]
[EventDate "2013.06.01"]
[EventType "team-tourn"]
[EventRounds "9"]
[EventCountry "GER"]
[Source "ChessBase"]
[SourceDate "2013.06.25"]
[WhiteTeam "Slovenia"]
[BlackTeam "Austria"]
[WhiteTeamCountry "SLO"]
[BlackTeamCountry "AUT"]

1. d4 d5 2. c4 c6 3. Nf3 Nf6 4. Nc3 dxc4 5. a4 Bf5 6. Ne5 Nbd7 7. Nxc4 Qc7 8.
g3 e5 9. dxe5 Nxe5 10. Bf4 Nfd7 11. Bg2 f6 12. O-O Rd8 13. Nxe5 fxe5 14. Bg5
Nf6 15. Qc1 Be7 16. Bxf6 Bxf6 17. Nd5 Qd6 18. Nxf6+ gxf6 19. Qe3 a6 20. Qb3 Qe7
21. Rad1 Rxd1 22. Rxd1 Be6 23. Bxc6+ Kf7 24. Qxb7 Qxb7 25. Bxb7 a5 26. Bd5 Rb8
27. b3 Ke7 28. Bxe6 Kxe6 29. Rd3 Rc8 30. e4 Rc1+ 31. Kg2 Rb1 32. g4 h6 33. Rc3
Kd6 34. Rh3 Ke7 35. Rxh6 Rxb3 36. Rh7+ Ke6 37. Ra7 Rb4 38. Rxa5 Rxe4 39. Ra6+
Kf7 40. Kg3 Rb4 41. h4 Rb3+ 42. Kg2 Rb4 43. f3 f5 44. g5 Rxh4 45. Rf6+ Kg7 46.
Rxf5 Rxa4 47. Rxe5 Kg6 48. Kg3 Kh5 49. Rf5 Ra3 50. Rd5 Ra4 51. Kf2 Ra3 52. Re5
Rb3 53. Ra5 Rc3 54. Kg3 Rc4 55. Rf5 Kg6 56. Rf4 Rc1 57. Rg4 Kf5 58. Kf2 Rc6 59.
Ke3 Ra6 60. g6 Re6+ 61. Kd4 Rd6+ 62. Ke3 Re6+ 63. Kd3 Rd6+ 64. Ke3 Re6+ 1/2-1/2

[Event "Mitropa Cup 32nd"]
[Site "Meissen"]
[Date "2013.06.07"]
[Round "7.1"]
[White "Pacher, Milan"]
[Black "Jankovic, Alojzije"]
[Result "1/2-1/2"]
[WhiteElo "2464"]
[BlackElo "2559"]
[PlyCount "62"]
[EventDate "2013.06.01"]
[EventType "team-tourn"]
[EventRounds "9"]
[EventCountry "GER"]
[Source "ChessBase"]
[SourceDate "2013.06.25"]
[WhiteTeam "Slovakia"]
[BlackTeam "Croatia"]
[WhiteTeamCountry "SVK"]
[BlackTeamCountry "CRO"]

1. d4 Nf6 2. c4 g6 3. Nc3 Bg7 4. e4 d6 5. Nf3 O-O 6. Be2 e5 7. dxe5 dxe5 8.
Qxd8 Rxd8 9. Bg5 c6 10. Nxe5 Re8 11. O-O-O Na6 12. Rd6 Be6 13. f4 Nc5 14. Bxf6
Bxf6 15. Rhd1 a5 16. b3 Kf8 17. Nd3 Nxb3+ 18. axb3 Bxc3 19. Nc5 Bc8 20. e5 Bb4
21. Nd7+ Bxd7 22. Rxd7 Re7 23. Rd8+ Rxd8 24. Rxd8+ Re8 25. Rxe8+ Kxe8 26. Kc2
Ke7 27. Kd3 f6 28. exf6+ Kxf6 29. Ke4 h5 30. g4 hxg4 31. Bxg4 Bd6 1/2-1/2

[Event "Mitropa Cup 32nd"]
[Site "Meissen"]
[Date "2013.06.07"]
[Round "7.1"]
[White "Repka, Christopher"]
[Black "Martinovic, Sasa"]
[Result "1/2-1/2"]
[WhiteElo "2358"]
[BlackElo "2527"]
[PlyCount "89"]
[EventDate "2013.06.01"]
[EventType "team-tourn"]
[EventRounds "9"]
[EventCountry "GER"]
[Source "ChessBase"]
[SourceDate "2013.06.25"]
[WhiteTeam "Slovakia"]
[BlackTeam "Croatia"]
[WhiteTeamCountry "SVK"]
[BlackTeamCountry "CRO"]

1. d4 Nf6 2. Nf3 g6 3. c4 Bg7 4. g3 d5 5. cxd5 Nxd5 6. Bg2 Nb6 7. Nc3 Nc6 8.
O-O Nxd4 9. Nxd4 Qxd4 10. Nb5 Qc4 11. Qb3 O-O 12. Qxc4 Nxc4 13. Nxc7 Rb8 14.
Bg5 Bxb2 15. Rab1 Bf5 16. e4 Bg4 17. Bxe7 Rfc8 18. Nd5 Be2 19. Rfe1 Bd3 20.
Rxb2 Nxb2 21. Bd6 Nc4 22. Bxb8 Rxb8 23. Rd1 Be2 24. Re1 Bd3 25. f4 b5 26. Rd1
Be2 27. Re1 Bd3 28. Rd1 Be2 29. Rd4 Nb6 30. Ne7+ Kg7 31. e5 Bc4 32. f5 gxf5 33.
Nxf5+ Kf8 34. a3 Be6 35. Rf4 Bxf5 36. Rxf5 Ke7 37. e6 fxe6 38. Rxb5 Nd7 39. Ra5
Rb1+ 40. Kf2 Rb2+ 41. Kg1 Rb1+ 42. Bf1 Rb7 43. Bd3 Nf6 44. Kf2 Kd6 45. Ke3
1/2-1/2

[Event "Mitropa Cup 32nd"]
[Site "Meissen"]
[Date "2013.06.07"]
[Round "7.1"]
[White "Saric, Ante"]
[Black "Petenyi, Tamas"]
[Result "1/2-1/2"]
[WhiteElo "2551"]
[BlackElo "2466"]
[PlyCount "128"]
[EventDate "2013.06.01"]
[EventType "team-tourn"]
[EventRounds "9"]
[EventCountry "GER"]
[Source "ChessBase"]
[SourceDate "2013.06.25"]
[WhiteTeam "Croatia"]
[BlackTeam "Slovakia"]
[WhiteTeamCountry "CRO"]
[BlackTeamCountry "SVK"]

1. Nf3 g6 2. c4 Bg7 3. d4 d6 4. Nc3 Bg4 5. e3 Nf6 6. h3 Bf5 7. g4 Bd7 8. e4 O-O
9. Be3 Na6 10. Bg2 c5 11. e5 Ne8 12. O-O cxd4 13. Bxd4 Bc6 14. Re1 dxe5 15.
Bxe5 Nf6 16. Qe2 Nc5 17. Rad1 Qc8 18. Nd5 Bxd5 19. cxd5 Ncd7 20. Bg3 Nb6 21.
Rc1 Qd8 22. Qxe7 Qxd5 23. Qa3 Rfc8 24. Rxc8+ Rxc8 25. Qxa7 Nfd7 26. Qa3 Ra8 27.
Qb3 Qxb3 28. axb3 Bxb2 29. Ng5 Ra5 30. Ne4 Rb5 31. Re3 Nc5 32. Nxc5 Rxc5 33.
Bxb7 Nd5 34. Re8+ Kg7 35. Bd6 Rc1+ 36. Kh2 Rd1 37. g5 f6 38. Re2 Bc3 39. gxf6+
Nxf6 40. Bc5 Nd7 41. Be3 h6 42. Kg2 g5 43. Rc2 Bb4 44. Rc4 Bd6 45. Be4 Ne5 46.
Rc8 Kf6 47. Rh8 Nf7 48. Rg8 Ne5 49. Rh8 Nf7 50. Ra8 Ne5 51. Ra6 Ke7 52. Rb6 Re1
53. Rb7+ Kf6 54. Bc2 g4 55. hxg4 Nxg4 56. Bd4+ Be5 57. Bc5 h5 58. Rb6+ Kg5 59.
Be7+ Bf6 60. Bxf6+ Nxf6 61. f4+ Kg4 62. Kf2 Rc1 63. Bd3 Nd5 64. Be2+ Kxf4
1/2-1/2